<?xml version="1.0" encoding="UTF-8"?><?xml-stylesheet type="text/xsl" href="static/style.xsl"?><OAI-PMH xmlns="http://www.openarchives.org/OAI/2.0/" xmlns:xsi="http://www.w3.org/2001/XMLSchema-instance" xsi:schemaLocation="http://www.openarchives.org/OAI/2.0/ http://www.openarchives.org/OAI/2.0/OAI-PMH.xsd"><responseDate>2026-04-28T19:44:38Z</responseDate><request verb="GetRecord" identifier="oai:uvadoc.uva.es:10324/43325" metadataPrefix="marc">https://uvadoc.uva.es/oai/request</request><GetRecord><record><header><identifier>oai:uvadoc.uva.es:10324/43325</identifier><datestamp>2024-05-27T12:35:33Z</datestamp><setSpec>com_10324_38</setSpec><setSpec>col_10324_787</setSpec></header><metadata><record xmlns="http://www.loc.gov/MARC21/slim" xmlns:doc="http://www.lyncode.com/xoai" xmlns:xsi="http://www.w3.org/2001/XMLSchema-instance" xmlns:dcterms="http://purl.org/dc/terms/" xsi:schemaLocation="http://www.loc.gov/MARC21/slim http://www.loc.gov/standards/marcxml/schema/MARC21slim.xsd">
<leader>00925njm 22002777a 4500</leader>
<datafield tag="042" ind1=" " ind2=" ">
<subfield code="a">dc</subfield>
</datafield>
<datafield tag="720" ind1=" " ind2=" ">
<subfield code="a">Vitores Bergaz, Nuria</subfield>
<subfield code="e">author</subfield>
</datafield>
<datafield tag="260" ind1=" " ind2=" ">
<subfield code="c">2020</subfield>
</datafield>
<datafield tag="520" ind1=" " ind2=" ">
<subfield code="a">Nuestro modelo de desarrollo exponencial, incompatible con el carácter finito del planeta, pone en evidencia la necesidad de un cambio drástico en&#xd;
nuestras actitudes y conductas hacia otras más sostenibles. En este sentido, la educación ambiental juega un papel vital para que los estudiantes, como&#xd;
futuros ciudadanos, se conviertan en agentes de cambio de una sociedad más en consonancia con el medio ambiente. Con el propósito de involucrar a&#xd;
los alumnos en la gobernabilidad de un bien escaso y vital para la vida como es el agua, el presente Trabajo de Fin de Máster desarrolla una propuesta&#xd;
de unidad didáctica sobre la hidrosfera de carácter innovador, enfocada a implementar la educación para la sostenibilidad y basada en la metodología&#xd;
constructivista. La unidad Debemos cuidar el agua de nuestro planeta está dirigida a alumnos de 1º de ESO de la asignatura de Biología y Geología.</subfield>
</datafield>
<datafield tag="024" ind2=" " ind1="8">
<subfield code="a">http://uvadoc.uva.es/handle/10324/43325</subfield>
</datafield>
<datafield tag="245" ind1="0" ind2="0">
<subfield code="a">Propuesta de unidad didáctica sobre la hidrosfera para 1º de la ESO, enfocada a implementar la educación para la sostenibilidad mediante la metodología constructivista</subfield>
</datafield>
</record></metadata></record></GetRecord></OAI-PMH>